Introduction to information technology / (Record no. 25194)
[ view plain ]
| 000 -LEADER | |
|---|---|
| fixed length control field | 00645nam a2200205 a 4500 |
| 005 - DATE AND TIME OF LATEST TRANSACTION | |
| control field | 20140310183608.0 |
| 008 - FIXED-LENGTH DATA ELEMENTS--GENERAL INFORMATION | |
| fixed length control field | 120718s19uu xx 00 eng d |
| 020 ## - INTERNATIONAL STANDARD BOOK NUMBER | |
| International Standard Book Number | 9714204054 |
| 050 ## - LIBRARY OF CONGRESS CALL NUMBER | |
| Classification number | T 58.5 |
| Item number | .Al326 2003 |
| 100 ## - MAIN ENTRY--PERSONAL NAME | |
| Personal name | Albano, Gisela May A. |
| 245 ## - TITLE STATEMENT | |
| Title | Introduction to information technology / |
| Statement of responsibility, etc | Gisela May A. Albano, Ronnel R. Atole, Rose Joy Y. Ariola. |
| 260 ## - PUBLICATION, DISTRIBUTION, ETC. (IMPRINT) | |
| Place of publication, distribution, etc | Bulacan, Philippines : |
| Name of publisher, distributor, etc | Trinitas Pub, |
| Date of publication, distribution, etc | 2003. |
| 300 ## - PHYSICAL DESCRIPTION | |
| Extent | 351 p. : |
| Other physical details | ill. ; |
| Dimensions | 25 cm. |
| 500 ## - GENERAL NOTE | |
| General note | Includes index |
| 521 ## - TARGET AUDIENCE NOTE | |
| Target audience note | |
| 650 ## - SUBJECT ADDED ENTRY--TOPICAL TERM | |
| Topical term or geographic name as entry element | Information technology |
| 700 ## - ADDED ENTRY--PERSONAL NAME | |
| Personal name | Atole, Ronnel R. |
| 700 ## - ADDED ENTRY--PERSONAL NAME | |
| Personal name | Ariola, Rose Joy Y. |
| 942 ## - ADDED ENTRY ELEMENTS (KOHA) | |
| Koha item type | Books |
| Source of classification or shelving scheme | Library of Congress Classification |
| Call number prefix | Local |
| Withdrawn status | Lost status | Source of classification or shelving scheme | Damaged status | Home library | Current library | Shelving location | Date acquired | Total Checkouts | Full call number | Barcode | Date last seen | Date checked out | Copy number | Price effective from | Koha item type |
|---|---|---|---|---|---|---|---|---|---|---|---|---|---|---|---|
| Library of Congress Classification | College Library | College Library | General Circulation Section | 07/18/2012 | 1 | T 58.5 .Al326 2003 | C15129 | 05/15/2018 | 08/10/2015 | 1 | 10/18/2013 | Books |